Actualidad viva de los ideales del cura Hidalgo / (Record no. 6695)
[ view plain ]
| 000 -CABECERA | |
|---|---|
| campo de control de longitud fija | 00511nam a2200169 a 4500 |
| 005 - FECHA Y HORA DE LA ÚLTIMA TRANSACCIÓN | |
| campo de control | 20220902123658.0 |
| 008 - ELEMENTOS DE LONGITUD FIJA--INFORMACIÓN GENERAL | |
| campo de control de longitud fija | 991125s2003 mx 000 0 spa u |
| 035 ## - NÚMERO DE CONTROL DEL SISTEMA | |
| Número de control de sistema | UPN01000006695 |
| 049 ## - COLECCIÓN | |
| Colección | F |
| 050 #4 - SIGNATURA TOPOGRÁFICA DE LA BIBLIOTECA DEL CONGRESO | |
| Número de clasificación | F1232 H5 |
| Número de documento/Ítem | L6.2 |
| 100 1# - ASIENTO PRINCIPAL--NOMBRE PERSONAL | |
| Nombre de persona | Lombardo Toledano, Vicente, |
| Fechas asociadas al nombre | 1894-1968 |
| 245 10 - MENCIÓN DE TÍTULO | |
| Título | Actualidad viva de los ideales del cura Hidalgo / |
| Mención de responsabilidad, etc. | Vicente Lombardo Toledano. |
| 260 ## - PUBLICACIÓN, DISTRIBUCIÓN, ETC. | |
| Lugar de publicación, distribución, etc. | México : |
| Nombre del editor, distribuidor, etc. | SEP, |
| Fecha de publicación, distribución, etc. | [2003]. |
| 300 ## - DESCRIPCIÓN FÍSICA | |
| Extensión | 30 p. |
| 600 12 - ASIENTO SECUNDARIO DE MATERIA - NOMBRE PERSONAL | |
| Nombre de persona | Hidalgo y Costilla, Miguel, |
| Fechas asociadas al nombre | 1753-1811 |
| 9 (RLIN) | 16388 |
| 905 ## - TIPO DE MATERIAL | |
| Tipo de material | Libro |
| Estado de retiro | Estado de pérdida | Fuente del sistema de clasificación o colocación | Estado dañado | No para préstamo | Código de colección | Localización permanente | Ubicación/localización actual | Ubicación en estantería | Fecha de adquisición | Clasificación | Código de barras | Fecha visto por última vez | Número de copia | Tipo de ítem Koha |
|---|---|---|---|---|---|---|---|---|---|---|---|---|---|---|
| Library of Congress Classification | Disponible (Préstamo en sala) | Folletería | Bib. Gregorio Torres Quintero | Bib. Gregorio Torres Quintero | Colecciones especiales Planta alta | 03/05/2023 | F1232 H5 L6.2 | 219963 | 31/12/2020 | 1 | Folleto |
